Tactics : The art and science of success

Bibliographic Details
Main Author: BONO 1933-
Format: Book
Published: London : Collins , 1985
Subjects:

MARC

LEADER 00000cam a2200000 7i4500
001 0000000215
005 20000719.0
020 0 0 |a 0006370721 
090 0 0 |a 158.1   |b BON 1985 
100 1 0 |a BONO   |h Edward de   |c 1933- 
245 1 0 |a Tactics :   |b The art and science of success   |c Edward de Bono 
260 0 0 |a London :   |b Collins ,   |c 1985 
300 |a 256 p. :   |b ill. ;   |c 22 cm. 
500 0 0 |a Includes index 
650 0 0 |a Success 
999 |a 0000001089   |b Monograph   |c Open Shelf   |e Default branch